Quick Pick: 'The Empire Strikes Back' Characters Quiz Stats

 Plays Quiz Updated Sep 2, 2017

Score 0/15 Timer 01:30
0 Plays Today
% Correct
Darth Vader
96.1%
Chewbacca
95.7%
Han Solo
95.6%
C-3PO
95.4%
Luke Skywalker
94.5%
R2-D2
93.4%
Princess Leia
92.7%
Yoda
89.9%
% Correct
Boba Fett
87.7%
Lando Calrissian
86.9%
Emperor Palpatine
81.9%
Ben Kenobi
75.1%
Wedge Antilles
54.6%
Wampa
51.8%
Lobot
41.4%

Today's Daily Dose

Word Ladder
Anchorman

Get the Picture
'Head' Bands

You're not logged in!

Compare scores with friends on all Sporcle quizzes.
OR
Log In

You Might Also Like...

Show Comments

Extras

Top Quizzes Today


Score Distribution

Your Account Isn't Verified!

In order to create a playlist on Sporcle, you need to verify the email address you used during registration. Go to your Sporcle Settings to finish the process.

Report this User

Report this user for behavior that violates our Community Guidelines.

Details: